[Event "4' Torneo Un matto all'ora"]
[Site "?"]
[Date "2024.03.03"]
[Round "5"]
[White "Di Mantino, Mauro"]
[Black "Sulit, Froilan JR"]
[Result "1-0"]
[WhiteElo "1973"]
[BlackElo "1756"]
[PlyCount "91"]
[EventDate "2024.??.??"]
[SourceVersionDate "2024.03.07"]

1. c4 c6 2. g3 d5 3. Bg2 Nf6 4. Nf3 Bf5 5. Qb3 Qc7 6. d4 Nbd7 7. Bf4 Qb6 8. c5 Qxb3 9. axb3 h6 10. h4 e6 11. Nc3 Be7 12. b4 Ne4 13. Nd2 Nxc3 14. bxc3 f6 15. e4 dxe4 16. Nxe4 e5 17. dxe5 fxe5 18. Be3 Nf6 19. Nd6+ Bxd6 20. cxd6 Kd7 21. O-O a6 22. Rfd1 Be6 23. Ra5 Bd5 24. Bh3+ Be6 25. Bxe6+ Kxe6 26. f4 Nd5 27. c4 Nxe3 28. Rxe5+ Kf6 29. Rxe3 c5 30. bxc5 Rhc8 31. d7 Rd8 32. Rb3 Ra7 33. Rb6+ Kf7 34. f5 a5 35. g4 a4 36. g5 hxg5 37. hxg5 a3 38. g6+ Kf8 39. Re6 a2 40. Ree1 Ra5 41. Ra1 Rxc5 42. Rxa2 Rxc4 43. Rae2 Rcc8 44. dxc8=Q Rxc8 45. Re7 Rb8 46. Rf7+ 1-0